Spanish History A-Z - Statistics

General Stats
  • This quiz has been taken 19,230 times
  • The average score is 16 of 26
Answer Stats
Hint Answer % Correct
A Native American empire conquered by Cortés Aztec Empire
97%
I Her marriage to Ferdinand in 1469 would unite the crowns of Castile and Aragon Isabella
88%
C Region whose parliament declared independence in 2017 Catalonia
86%
F Generalísimo who ruled Spain from 1936–1975 Francisco Franco
86%
P In 1493, Pope Alexander VI divided the New World, giving half of it to Spain and the other half to ... Portugal
86%
B First country in the New World where Columbus landed in 1492 Bahamas
85%
O Empire that enslaved an estimated 100,000–250,000 Spaniards who were kidnapped by North African pirates Ottoman Empire
80%
Q Don who was created by author Miguel de Cervantes Quixote
79%
J Group of people expelled from Spain in 1492 Jews
78%
M Term for the Muslim inhabitants of Spain and North Africa during the Middle Ages Moors
69%
U Spain's war against this country was known as the Disaster of 1898 United States
65%
N Conqueror who invaded Spain and installed his brother as king Napoleon
63%
G Type of large ship used by Spain from the 16th to 18th centuries Galleon
57%
K In Spanish, they are called caballeros. In English, they are called ... Knights
55%
S Founded in 1496 by Bartholomew Columbus, this city in Hispaniola is the oldest continuously inhabited European settlement in the New World Santo Domingo
53%
L Spanish kingdom that joined with Castile in 1230 León
52%
T City near Madrid home to the court of Charles V Toledo
51%
R Term for the period 722–1492 when Christian forces gradually took back the Iberian peninsula from the Muslims Reconquista
47%
Z City originally founded around 20 BC with the name Caesaraugusta Zaragoza
47%
H Roman name for the Iberian peninsula Hispania
46%
W Name for the Spanish colonies in and around the Caribbean Spanish {West} {Indies}
45%
E Basque separatist group that killed hundreds of people in the second half of the 20th century ETA
43%
V Court artist of the 1600s who painted "Las Meninas" Diego Velázquez
30%
Y Plant, used to make a caffeinated drink, which was grown on Jesuit plantations in Paraguay {Yerba} Mate
29%
X Former spelling of the city famous for Sherry wine Xerez
21%
D Spanish coin also known as the piece of eight Dollar
13%
No matching quizzes found
Score Distribution
Percent of People with Each Score
Percentile by Number Answered
Your Score History
You have not taken this quiz